[Event "DEM U10w 2019"]
[Site "Willingen GER"]
[Date "2019.06.15"]
[Round "11"]
[White "Moradi, Yassaman"]
[Black "Krasikova, Milana"]
[Result "1-0"]
[Termination "normal"]
[Board "8"]
[WhiteElo "1174"]
[BlackElo "1023"]
[PlyCount "127"]
[WhiteFideId "16279964"]
[BlackFideId "16287347"]
[EventCountry "GER"]
[EventRounds "11"]
[EventType "swiss"]
[EventDate "2019.06.08"]

1. e4 e5 2. Nf3 Nf6 3. Nxe5 d6 4. Nf3 Nxe4 5. Nc3 Nf6 6. d4 d5 7. Bg5 Bb4 8.
Bd2 Nc6 9. Nb5 Qe7+ 10. Qe2 Qxe2+ 11. Bxe2 Bxd2+ 12. Nxd2 a6 13. Nxc7+ Kd8 14.
Nxa8 Nxd4 15. O-O-O Nxe2+ 16. Kb1 Nd4 17. Nc4 b5 18. Nd6 Ke7 19. Nxc8+ Rxc8 20.
Nb6 Rc6 21. Nxd5+ Nxd5 22. Rxd4 Nf6 23. Re1+ Re6 24. Rxe6+ fxe6 25. c4 e5 26.
Rd1 bxc4 27. Rc1 Ne4 28. f3 Nd6 29. b4 Ke6 30. a4 e4 31. fxe4 Nxe4 32. Kb2 Nd6
33. b5 axb5 34. a5 Kd7 35. g4 h6 36. a6 Kc7 37. a7 Kb7 38. Ra1 Ka8 39. Re1 Kxa7
40. Re7+ Kb6 41. Rxg7 b4 42. Rg6 Kc5 43. Rxh6 c3+ 44. Kc2 Ne4 45. g5 Kd5 46. g6
Ke6 47. h4 Kf6 48. h5 Ng5 49. g7+ Kxg7 50. Rb6 Kh7 51. Rxb4 Kh6 52. Rh4 Nf7 53.
Kxc3 Ng5 54. Kd3 Ne6 55. Ke4 Ng7 56. Kf4 Ne6+ 57. Ke5 Ng5 58. Kf5 Nf7 59. Kf6
Ng5 60. Kf5 Nf7 61. Rh1 Ng5 62. Re1 Kxh5 63. Rh1+ Nh3 64. Rxh3# 1-0

[Event "DEM U10w 2019"]
[Site "Willingen GER"]
[Date "2019.06.15"]
[Round "11"]
[White "Neininger, Sarah"]
[Black "Czäczine, Paula"]
[Result "0-1"]
[Termination "normal"]
[Board "9"]
[WhiteElo "920"]
[BlackElo "1170"]
[PlyCount "128"]
[WhiteFideId "16287410"]
[BlackFideId "16249305"]
[EventCountry "GER"]
[EventRounds "11"]
[EventType "swiss"]
[EventDate "2019.06.08"]

1. e4 e5 2. Nf3 Nc6 3. d4 exd4 4. Bc4 Nf6 5. O-O Nxe4 6. Re1 d5 7. Bxd5 Qxd5 8.
Nc3 Qh5 9. Nxe4 Be6 10. Bg5 Bd6 11. Nxd6+ cxd6 12. Qe2 O-O 13. Rad1 Rfe8 14.
Qe4 h6 15. Bf4 Bd5 16. Qd3 Rad8 17. Nxd4 Qg4 18. Qg3 Qxg3 19. hxg3 Rxe1+ 20.
Rxe1 Nxd4 21. Rd1 Ne2+ 22. Kf1 Nxf4 23. gxf4 Bc6 24. c4 d5 25. cxd5 Bxd5 26.
Ke2 Re8+ 27. Kf1 Bxa2 28. g4 Bc4+ 29. Kg1 Kf8 30. Kg2 Ke7 31. Re1+ Kd7 32. Rd1+
Kc6 33. Rc1 b5 34. b3 Kc5 35. bxc4 bxc4 36. f5 a5 37. f4 a4 38. Ra1 Ra8 39. g5
a3 40. g6 f6 41. Kf3 a2 42. Ke2 Kd4 43. Kd2 Ke4 44. Kc3 h5 45. Kb2 Kxf4 46.
Rxa2 Rxa2+ 47. Kxa2 h4 48. Kb2 h3 49. Kc3 h2 50. Kxc4 h1=Q 51. Kd3 Kxf5 52. Kc2
Kxg6 53. Kd3 f5 54. Ke3 Qh4 55. Kd3 Qe4+ 56. Kc3 f4 57. Kb2 f3 58. Kc3 f2 59.
Kd2 f1=Q 60. Kc3 Qb5 61. Kd2 Qbd5+ 62. Kc3 Qec4+ 63. Kb2 Qdb5+ 64. Ka3 Qca4#
0-1

[Event "DEM U10w 2019"]
[Site "Willingen GER"]
[Date "2019.06.15"]
[Round "11"]
[White "Moldovan, Tatiana"]
[Black "Schülke, Rosalie"]
[Result "1/2-1/2"]
[Termination "normal"]
[Board "10"]
[WhiteElo "1269"]
[BlackElo "995"]
[PlyCount "83"]
[WhiteFideId "16287398"]
[BlackFideId "16287436"]
[EventCountry "GER"]
[EventRounds "11"]
[EventType "swiss"]
[EventDate "2019.06.08"]

1. e4 e6 2. Nf3 d5 3. e5 c5 4. c3 Nc6 5. Na3 a6 6. Nc2 Nge7 7. d4 Ng6 8. Be2
Qb6 9. Bd3 c4 10. Be2 Be7 11. O-O Bd7 12. Be3 Qxb2 13. Qd2 Qb6 14. Rfb1 Qc7 15.
h3 b5 16. a3 h6 17. Nh2 O-O-O 18. Nb4 Nxb4 19. axb4 Qb6 20. Qc2 Bc6 21. Bh5 Be8
22. Bxg6 fxg6 23. g4 Rd7 24. Ra3 Ra7 25. Rba1 g5 26. f4 gxf4 27. Bxf4 g5 28.
Be3 h5 29. Qe2 Ra8 30. Nf3 hxg4 31. hxg4 Rg8 32. Qd2 Kb7 33. Kf2 Qd8 34. Qa2
Qb6 35. Qd2 Qd8 36. Qb2 Bc6 37. Qa2 Qb6 38. Qd2 Qd8 39. Qa2 Qb6 40. Qd2 Qd8 41.
Qa2 Qb6 42. Qd2 1/2-1/2

[Event "DEM U10w 2019"]
[Site "Willingen GER"]
[Date "2019.06.15"]
[Round "11"]
[White "Bangiev, Katharina"]
[Black "Hoffmann, Svenja"]
[Result "1-0"]
[Termination "normal"]
[Board "11"]
[WhiteElo "1003"]
[BlackElo "1072"]
[PlyCount "85"]
[WhiteFideId "16267230"]
[BlackFideId "16287312"]
[EventCountry "GER"]
[EventRounds "11"]
[EventType "swiss"]
[EventDate "2019.06.08"]

1. e4 e5 2. Nf3 Nc6 3. Nc3 Nf6 4. g3 Bc5 5. Bg2 d6 6. O-O Be6 7. d3 h6 8. Ne2
Qd7 9. c3 Bh3 10. Qc2 Bxg2 11. Kxg2 Qg4 12. h3 Qg6 13. Nh4 Qh7 14. b4 Bb6 15.
a4 a6 16. Bd2 g5 17. Nf5 O-O-O 18. b5 Na7 19. bxa6 bxa6 20. a5 Bc5 21. d4 exd4
22. cxd4 Bxd4 23. Nexd4 g4 24. Rh1 h5 25. Bb4 Kd7 26. Nb3 Qg6 27. Rac1 Rc8 28.
Qd3 Rcg8 29. Bxd6 gxh3+ 30. Rxh3 Qg5 31. Bf4+ Ke8 32. Bxg5 Rxg5 33. Rxc7 Rg4
34. Rxa7 Kf8 35. Ra8+ Ne8 36. Qd8 Rxe4 37. Nd6 Re6 38. Qd7 Re7 39. Rxe8+ Kg7
40. Qxe7 Rxe8 41. Qxe8 Kf6 42. Rxh5 Kg7 43. Qxf7# 1-0

[Event "DEM U10w 2019"]
[Site "Willingen GER"]
[Date "2019.06.15"]
[Round "11"]
[White "Lichtenegger, Katharina"]
[Black "Struebel, Katharina"]
[Result "1-0"]
[Termination "normal"]
[Board "13"]
[WhiteElo "1238"]
[BlackElo "852"]
[PlyCount "97"]
[WhiteFideId "16287355"]
[BlackFideId "16284879"]
[EventCountry "GER"]
[EventRounds "11"]
[EventType "swiss"]
[EventDate "2019.06.08"]

1. e4 e5 2. Nf3 Nc6 3. Bc4 Bc5 4. d3 d6 5. c3 Nf6 6. Bg5 Bg4 7. Nbd2 h6 8. Bh4
g5 9. Bg3 Qd7 10. O-O O-O-O 11. a4 h5 12. h4 Rdg8 13. b4 Bb6 14. a5 Bd4 15. Qb3
a6 16. cxd4 Bxf3 17. Nxf3 g4 18. Ng5 Nxd4 19. Qa2 c6 20. Nxf7 Rh7 21. Ng5 Rhg7
22. Ne6 Re7 23. Nxd4 exd4 24. Bxg8 d5 25. exd5 Nxd5 26. Bxd5 cxd5 27. Rac1+ Kd8
28. Rc7 Qe6 29. Rxe7 Kxe7 30. Qd2 Kf6 31. Qf4+ Ke7 32. Qxd4 Kf7 33. Rc1 Kg6 34.
Rc7 Qe1+ 35. Kh2 Qe6 36. Rxb7 Qc8 37. Qxd5 Qe8 38. Rb6+ Kg7 39. Qb7+ Kf8 40.
Rf6+ Kg8 41. Qb8 Qxb8 42. Bxb8 Kg7 43. Rxa6 Kf7 44. Rh6 Ke7 45. a6 Kd7 46. a7
Ke7 47. a8=Q Kd7 48. Qa7+ Kc8 49. Rh8# 1-0

[Event "DEM U10w 2019"]
[Site "Willingen GER"]
[Date "2019.06.15"]
[Round "11"]
[White "Müller, Riyanna"]
[Black "Le, Thao-Linh"]
[Result "1-0"]
[Termination "normal"]
[Board "14"]
[WhiteElo "918"]
[BlackElo "1014"]
[PlyCount "27"]
[WhiteFideId "16287401"]
[BlackFideId "16279131"]
[EventCountry "GER"]
[EventRounds "11"]
[EventType "swiss"]
[EventDate "2019.06.08"]

1. e4 e5 2. Nf3 Nf6 3. Bc4 Nc6 4. Ng5 d5 5. exd5 Nxd5 6. Nxf7 Kxf7 7. Qf3+ Ke6
8. Nc3 Nd4 9. Bxd5+ Kd6 10. Qd3 Bf5 11. Be4 Bxe4 12. Qxe4 Qg5 13. O-O Be7 14.
Qd5# 1-0

[Event "DEM U10w 2019"]
[Site "Willingen GER"]
[Date "2019.06.15"]
[Round "11"]
[White "Sickmann, Lisa"]
[Black "Engeln, Helene"]
[Result "1-0"]
[Termination "normal"]
[Board "15"]
[WhiteElo "1418"]
[BlackElo "825"]
[PlyCount "47"]
[WhiteFideId "16267818"]
[BlackFideId "16287274"]
[EventCountry "GER"]
[EventRounds "11"]
[EventType "swiss"]
[EventDate "2019.06.08"]

1. e4 e5 2. Nf3 Nc6 3. Bc4 Bc5 4. Nc3 Nf6 5. d3 d6 6. Bg5 h6 7. Bh4 g5 8. Bg3
Qe7 9. h3 g4 10. hxg4 Nxg4 11. Nd5 Qd7 12. Nh2 Qd8 13. Nxg4 Be6 14. Ngf6+ Kf8
15. Bh4 Qc8 16. Qh5 Bxd5 17. Bxd5 Nd8 18. Bg5 b5 19. Bxh6+ Ke7 20. Qg5 Qa6 21.
Qg7 Qa5+ 22. c3 Qa4 23. Qxh8 Qc2 24. Bf8# 1-0

[Event "DEM U10w 2019"]
[Site "Willingen GER"]
[Date "2019.06.15"]
[Round "11"]
[White "Richter, Johanna"]
[Black "Orlova, Anna-Daria"]
[Result "0-1"]
[Termination "normal"]
[Board "16"]
[WhiteElo "936"]
[BlackElo "1095"]
[PlyCount "44"]
[WhiteFideId "16278925"]
[BlackFideId "16275381"]
[EventCountry "GER"]
[EventRounds "11"]
[EventType "swiss"]
[EventDate "2019.06.08"]

1. d4 c5 2. e3 Qb6 3. c3 Nc6 4. Nf3 d6 5. h3 e6 6. Be2 Nf6 7. O-O Be7 8. Nbd2
Qc7 9. Nb3 b6 10. Bd2 Bb7 11. Qc2 O-O 12. Rad1 d5 13. Rfe1 Qd6 14. Ng5 c4 15.
Nc1 Bd8 16. a3 Bc7 17. Nf3 Ne4 18. Na2 a5 19. Rb1 Ba6 20. Red1 Ng5 21. Nxg5
Qh2+ 22. Kf1 Qh1# 0-1

[Event "DEM U10w 2019"]
[Site "Willingen GER"]
[Date "2019.06.15"]
[Round "11"]
[White "Kopylov, Diana"]
[Black "Wehling, Ida"]
[Result "1-0"]
[Termination "normal"]
[Board "17"]
[WhiteElo "922"]
[BlackElo "1093"]
[PlyCount "65"]
[WhiteFideId "16268865"]
[BlackFideId "16287452"]
[EventCountry "GER"]
[EventRounds "11"]
[EventType "swiss"]
[EventDate "2019.06.08"]

1. d4 d5 2. Nf3 Nf6 3. Bf4 Bf5 4. h3 h6 5. e3 a6 6. Bd3 Bg6 7. O-O e6 8. Nbd2
c5 9. Qe2 Be7 10. Rac1 cxd4 11. Nxd4 Nfd7 12. Bxg6 e5 13. Ne6 Qb6 14. Nxg7+ Kf8
15. Qh5 Qxg6 16. Qxg6 fxg6 17. Ne6+ Kf7 18. Nc7 Ra7 19. Nxd5 exf4 20. Nxf4 g5
21. Nh5 Kg6 22. g4 Nc6 23. Rcd1 Nde5 24. Ne4 Nf3+ 25. Kg2 Nh4+ 26. Kg3 Ne5 27.
f4 Nf7 28. f5+ Kh7 29. f6 Bf8 30. Rd7 Kg6 31. Rfd1 Ne5 32. Rc7 Bb4 33. Rg7# 1-0

[Event "DEM U10w 2019"]
[Site "Willingen GER"]
[Date "2019.06.15"]
[Round "11"]
[White "Stepanjan, Tatevik Mia"]
[Black "Niederdorfer, Mathilda"]
[Result "0-1"]
[Termination "normal"]
[Board "19"]
[WhiteElo "940"]
[BlackElo "1036"]
[PlyCount "120"]
[WhiteFideId "16246128"]
[BlackFideId "16275845"]
[EventCountry "GER"]
[EventRounds "11"]
[EventType "swiss"]
[EventDate "2019.06.08"]

1. e4 c5 2. Nf3 Nc6 3. d4 cxd4 4. Nxd4 e6 5. Nc3 a6 6. Bc4 Nge7 7. Bg5 Qc7 8.
Bxe7 Bxe7 9. Nxc6 Qxc6 10. b3 b5 11. Be2 Qxc3+ 12. Kf1 Qf6 13. Bf3 e5 14. Qd5
Ra7 15. Rd1 O-O 16. Qd3 a5 17. Qe3 Rc7 18. Bg4 Rd8 19. Rc1 b4 20. Qf3 Qg5 21.
Qe3 Qxg4 22. Qf3 Qxf3 23. gxf3 d5 24. Rg1 d4 25. Kg2 d3 26. cxd3 Rdd7 27. Rxc7
Rxc7 28. Rd1 Rc2 29. d4 exd4 30. Rxd4 Rxa2 31. Rc4 Be6 32. Rc7 Kf8 33. Rb7 Bd6
34. Rb6 Ke7 35. Rb7+ Ke8 36. Rb6 Kd7 37. Rb5 Bxb3 38. Rg5 g6 39. e5 Be7 40. Rg4
a4 41. Rd4+ Ke6 42. f4 a3 43. Rd3 Rb2 44. Re3 a2 45. Re1 a1=Q 46. Rxa1 Ra2 47.
Rb1 Bc2 48. Rxb4 Bxb4 49. Kg3 f5 50. Kh4 Bd2 51. Kg3 Ra3+ 52. f3 Be4 53. Kf2
Rxf3+ 54. Ke2 Bxf4 55. h3 Rxh3 56. Kf2 Rh2+ 57. Kg1 Rd2 58. Kf1 Bd3+ 59. Kg1
Be3+ 60. Kh1 Be4# 0-1

[Event "DEM U10w 2019"]
[Site "Willingen GER"]
[Date "2019.06.15"]
[Round "11"]
[White "Matthes, Aimee"]
[Black "Helber, Anna"]
[Result "1-0"]
[Termination "normal"]
[Board "20"]
[WhiteElo "918"]
[BlackElo "896"]
[PlyCount "69"]
[WhiteFideId "16287371"]
[BlackFideId "16287290"]
[EventCountry "GER"]
[EventRounds "11"]
[EventType "swiss"]
[EventDate "2019.06.08"]

1. e4 e5 2. Nf3 Nc6 3. Bc4 Bc5 4. c3 Nf6 5. d4 exd4 6. cxd4 Bb4+ 7. Nc3 Nxe4 8.
O-O Bxc3 9. d5 Ne5 10. bxc3 Nxc4 11. Qd4 O-O 12. Qxc4 Nd6 13. Qd4 b6 14. Qg4
Ne8 15. Bg5 f6 16. Bh6 Rf7 17. Nh4 d6 18. Qg3 Qd7 19. Rfe1 Bb7 20. c4 Rd8 21.
Re6 g6 22. Nxg6 hxg6 23. Qxg6+ Ng7 24. Rae1 Kf8 25. Qh7 Re7 26. Rxe7 Qxe7 27.
Rxe7 Kxe7 28. Qxg7+ Ke8 29. Qf8+ Kd7 30. Qxf6 Re8 31. Qf5+ Kd8 32. Bg5+ Re7 33.
Qf8+ Kd7 34. Qxe7+ Kc8 35. Qe8# 1-0

[Event "DEM U10w 2019"]
[Site "Willingen GER"]
[Date "2019.06.15"]
[Round "11"]
[White "Janssen, Julika"]
[Black "Vöcking, Julia"]
[Result "1-0"]
[Termination "normal"]
[Board "21"]
[WhiteElo "839"]
[BlackElo "812"]
[PlyCount "47"]
[WhiteFideId "16287339"]
[BlackFideId "16287444"]
[EventCountry "GER"]
[EventRounds "11"]
[EventType "swiss"]
[EventDate "2019.06.08"]

1. e4 d6 2. d4 Nf6 3. Nc3 g6 4. Nf3 Bg7 5. Be3 O-O 6. h3 Nbd7 7. Qd2 e5 8. d5
b6 9. O-O-O Nc5 10. Bxc5 bxc5 11. g4 Bd7 12. g5 Nh5 13. Nh2 c6 14. Bg2 Qb6 15.
Kb1 Rab8 16. b3 Qb4 17. dxc6 Bxc6 18. Bf3 Nf4 19. h4 Qa3 20. Nf1 Bb5 21. h5 Rb6
22. h6 Bh8 23. Nd5 Ra6 24. Ne7# 1-0